000 00829nam a22002777a 4500
001 9964
003 FISKH
005 20260320095522.0
008 260319b cb ||||| |||| 00| 0 eng d
020 _a9780590476140
040 _aFISKH
_beng
_cFISKH
_dFISKH
050 _aLB1195 .S46
082 _a372.218
100 _aSenisi, Ellen B.
_eAuthor
245 _aKindergarten kids /
_cBy Ellen B. Senisi
260 _aNew York :
_bScholastic Inc. ,
_c1994
300 _a32 unnumbered pages :
_bphotographs ;
_c21 cm
505 _aJ
520 _aStudents from a real kindergarten class tell about a typical day of work and play.
521 8 _a500
_bLexile
521 8 _aJ
_bRaz-Plus
650 _aSchool life
_vKindergarten
650 _aEarly learning
_vNonfiction
942 _2ddc
_cBK
_n0
999 _c9964
_d9964